书目信息 |
| 题名: |
马克思恩格斯文集
|
|
| 作者: | ;中共中央马克思恩格斯列宁斯大林著作编译局 编译 | |
| 分册: | 第五卷 | |
| 出版信息: | 北京 2009年 |
|
| 页数: | 1120页 | |
| 开本: | 26cm | |
| 丛书名: | ||
| 单 册: | ||
| 中图分类: | A11 | |
| 科图分类: | ||
| 主题词: | 马恩著作--选集 , 马恩著作--文集 | |
| 电子资源: | ||
| ISBN: | 978-7-01-008458-9 | |
| 000 | 00761nam0 2200193 45 | |
| 001 | 2533858586 | |
| 005 | 20251217092509.29 | |
| 010 | @a978-7-01-008458-9@dCNY138.00 | |
| 100 | @a20210518d km y0chiy0120 ea | |
| 101 | 0 | @achi |
| 200 | 1 | @a马克思恩格斯文集@AMa Ke Si En Ge Si Wen Ji@h第五卷@f中共中央马克思恩格斯列宁斯大林著作编译局编译@FZhong Gong Zhong Yang Ma Ke Si En Ge Si Lie Ning Si Da Lin Zhu Zuo Bian Yi Ju Bian Yi |
| 210 | @a北京@d2009年 | |
| 215 | @a1120页@d26cm | |
| 606 | 0 | @a马恩著作@x选集 |
| 606 | 0 | @a马恩著作@x文集 |
| 690 | @aA11@v4 | |
| 711 | 02 | @a中共中央马克思恩格斯列宁斯大林著作编译局@AZhong Gong Zhong Yang Ma Ke Si En Ge Si Lie Ning Si Da Lin Zhu Zuo Bian Yi Ju@4编译 |
| 801 | 0 | @aCN@bPFT@c20210518 |
| 905 | @a10447@b6200639@dA11@e15:5@f1 | |
| 马克思恩格斯文集.第五卷/中共中央马克思恩格斯列宁斯大林著作编译局编译.-北京,2009年 |
| 1120页;26cm |
| ISBN 978-7-01-008458-9:CNY138.00 |
| ● |
| 相关链接 |
|
|
|
|
正题名:马克思恩格斯文集
索取号:A11/15:5
 
预约/预借
| 序号 | 登录号 | 条形码 | 馆藏地/架位号 | 状态 | 备注 |
| 1 | 1442136 | 214421366 | 第一借阅区/ [索取号:A11/15:5] | 在馆 |